Top 100 Baby Girl Names in the UK 2006 - Statistics

General Stats
  • This quiz has been taken 304 times
  • The average score is 62 of 100
Answer Stats
Answer % Correct
2 O Olivia
97%
5 E Emily
92%
27 E Emma
92%
1 G Grace
92%
3 J Jessica
91%
15 H Hannah
90%
45 I Isabel
90%
41 E Elizabeth
89%
71 L Lilly
89%
9 L Lily
89%
12 C Charlotte
88%
7 C Chloe
87%
11 E Ella
87%
20 I Isabella
87%
8 L Lucy
86%
6 S Sophie
86%
50 A Anna
83%
64 E Eve
83%
4 R Ruby
83%
88 S Sofia
82%
49 S Sophia
82%
14 M Mia
81%
58 S Sarah
81%
10 E Ellie
80%
13 K Katie
79%
75 E Eva
78%
36 R Rebecca
78%
60 A Ava
77%
38 L Lauren
77%
47 A Alice
76%
74 Z Zoe
76%
16 A Amelia
74%
21 E Evie
74%
92 M Mollie
73%
25 M Molly
73%
28 E Erin
72%
24 F Freya
72%
37 G Georgia
72%
83 H Hollie
72%
18 H Holly
72%
23 A Abigail
71%
19 A Amy
71%
93 I Isla
71%
26 D Daisy
70%
42 E Eleanor
70%
68 R Rosie
70%
22 M Millie
69%
30 P Poppy
69%
84 R Rachel
68%
80 Z Zara
67%
32 P Phoebe
65%
48 I Imogen
64%
67 M Maddison
64%
51 L Lola
63%
79 M Maya
63%
34 L Leah
62%
17 M Megan
61%
43 B Bethany
60%
40 M Madison
59%
29 I Isabelle
58%
31 J Jasmine
58%
44 S Scarlett
58%
82 H Harriet
56%
90 L Layla
55%
89 A Alexandra
53%
39 A Amber
53%
70 M Matilda
52%
69 S Sienna
52%
53 M Maisie
50%
96 M Martha
50%
77 N Nicole
50%
87 A Alicia
49%
59 G Gracie
49%
98 L Lara
49%
62 S Summer
47%
61 F Faith
44%
85 F Francesca
43%
78 A Amelie
42%
86 L Lydia
42%
56 T Tia
40%
46 P Paige
39%
80 A Abbie
38%
55 B Brooke
38%
35 C Caitlin
38%
91 N Natasha
38%
100 E Eloise
37%
33 K Keira
37%
63 N Niamh
35%
66 C Courtney
29%
54 I Isobel
29%
94 M Morgan
29%
96 T Tilly
29%
72 M Madeleine
28%
76 S Skye
28%
52 L Libby
25%
73 S Shannon
23%
57 A Alisha
20%
65 A Aimee
19%
95 D Demi
18%
98 T Tegan
16%
No matching quizzes found
Score Distribution
Percent of People with Each Score
Percentile by Number Answered
Your Score History
You have not taken this quiz